Antología del pensamiento político

Tallennettuna:
Bibliografiset tiedot
Päätekijä: Roucek, Joseph S (Tekijä)
Aineistotyyppi: Kirja
Kieli:espanja
Julkaistu: Buenos Aires Fraterna 1984
Aiheet:
Tagit: Lisää tagi
Ei tageja, Lisää ensimmäinen tagi!

MARC

LEADER 00000nam a2200000 a 4500
001 UCS2218
003 CL-VaPUC
008 970523e19840000AG |||||||||||||||||spa|d
082 0 4 |a 320.011  |b ROU  |2 21 
100 0 |a Roucek, Joseph S  |e author  |9 387376 
245 1 0 |a Antología del pensamiento político 
300 |a 408 p 
942 |c BK 
945 |d 19970523 00:00:00  |a paguirre 
260 |a Buenos Aires  |b Fraterna  |c 1984 
650 0 |a Ciencias Políticas  |9 255201 
650 0 |a Política  |9 255312 
650 7 |a TEORIA POLITICA  |2 CL-VaPUC  |9 387377 
650 7 |a FILOSOFIA POLITICA  |2 CL-VaPUC  |9 387378 
583 |a last modification  |c 19970523 00:00:00  |k Rodrigo Vera 
999 |c 260196  |d 260194 
952 |0 0  |1 0  |4 0  |6 320_011000000000000_ROU_1984  |7 0  |8 A  |9 286094  |a BIBDER  |b BIBDER  |d 2019-11-19  |i 1859684  |o 320.011 ROU 1984  |p 1859684  |r 2023-01-25  |w 2019-11-19  |y BK  |k DER